000 02595cam a2200241 4500500
005 20260322001526.0
041 _afre
042 _adc
100 1 0 _aMenéndez Viso, Armando
_eauthor
245 0 0 _aLa fuerza centrípeta de las ciencias en la obra de Feijoo
260 _c2024.
500 _a9
520 _aEn estas líneas se quiere mostrar que la obra de Feijoo puede interpretarse en su conjunto como un proyecto político-científico. Para Feijoo, el escepticismo científico es la clave para la construcción de una comunidad ilustrada que, al dedicarse al verdadero conocimiento del mundo físico, no amenaza la religión católica ni el incipiente despliegue del Estado moderno. La ciencia (o filosofía natural) se presenta como el antídoto de las fuerzas centrífugas del error y la disgregación, en todas sus formas. Feijoo no tiene reparo en recibir y propagar las aportaciones de científicos protestantes y sí intención de generar una cultura científica que constituya un cimiento sólido para una sociedad bien organizada. Feijoo promueve la formación científica porque es útil para el progreso social, para la fundación de una comunidad propiamente católica, que incluya a todas las personas cultivadas, al margen de las incipientes unidades nacionales y de los distintos bandos confesionales.
520 _aThis paper aims at showing that the works of Feijoo can be read in full as a political-scientific project. In Feijoo’s view, scientific skepticism is the key for the construction of a community of sages, which, being devoted to the true knowledge of the world, does not threat catholic faith, nor the incipient deploy of modern state. Science (or natural philosophy) appears as the antidote to the centrifugal forces of error and disunity, in all their forms. Feijoo does not hesitate to accept and spread the contributions of protestant scientists, with the intention of establishing a scientific culture that will act as a solid foundation for an ordered society. Feijoo promotes scientific education because it leads to social progress, allowing the creation of a properly catholic commonwealth –i.e., a true community encompassing every cultivated person, beyond any nationality and denomination.
690 _a18th Century
690 _aBenito Jerónimo Feijoo
690 _aEnlightenment
690 _ascience
690 _askepticism
690 _aSpain
786 0 _nAraucaria | 55 | 1 | 2024-08-12 | p. 359-378 | 1575-6823
856 4 1 _uhttps://shs.cairn.info/revista-araucaria-2024-1-page-359?lang=es&redirect-ssocas=7080
999 _c1715509
_d1715509